LEADER 01582nam a2200349 u 4500 001 000000080569 003 CaOOAMICUS 005 20070226123648.0 008 041222s2004 fr u000 u fre u 020 $a2130529763 035 $a11020517 040 $aPUL$bita 245 00$aMontaigne : scepticisme, métaphysique, théologie /$cpublié sous la direction de Vincent Carraud et Jean-Luc Marion ; Jocelyn Benoist ... [et al.]. 260 $aParis :$bPresses Universitaires de France,$c2004. 300 $a274 p. ;$c22 cm 490 1 $aEpiméthée 500 $aIndice : p. [267]-272. 504 $aComprende bibliografia. 600 14$aMontaigne, Michel Eyquem de,$d1533-1592.$0(OLS)http://pul/subject/20944 650 4$aTeologia e filosofia.$0(OLS)http://pul/subject/121 650 4$aScetticismo.$0(OLS)http://pul/subject/8722 650 4$aMetafisica.$0(OLS)http://pul/subject/433 700 1 $aCarraud, Vincent,$d1957-$0(OLS)http://pul/name/49408 700 1 $aBenoist, Jocelyn.$0(OLS)http://pul/name/49414 700 1 $aMarion, Jean-Luc,$d1946-$0(OLS)http://pul/name/49406 830 0$aEpiméthée.$0(OLS)http://pul/title/13231 850 $aPUL 852 $aPUL$W1$xSL Filosofia 1$y2$m86 P 84$j102914$nBK-PRI$b $qStampati$B102914$CPULBib$Z2$F102914 $HPUL96782 $81 941 1 $a8 996 $6020$a2130529763$9(OLS)http://pul/number/106654 996 $6245$aMontaigne : scepticisme, métaphysique, théologie$9(OLS)http://pul/title/105512 996 $6260$aParis :$bPresses Universitaires de France$9(OLS)http://pul/publisher/47940 LEADER 00955nam a2200253 u 4500 001 000000088062 003 CaOOAMICUS 005 20070226124455.0 008 051024s1968 it u000 u ita u 035 $a11065410 040 $aPUL(R)$bita 100 1 $aLocatelli, Aldo.$0(OLS)http://pul/name/57326 245 13$aLa libertà religiosa /$cAldo Locatelli. 260 $aRoma :$bAPES,$c1968. 300 $a17 p. ;$c20 cm 490 1 $aIl punto ;$v5 650 4$aLibertà religiosa.$0(OLS)http://pul/subject/762 830 3$aIl punto (APES) ;$v5.$0(OLS)http://pul/title/58447 850 $aPUL 852 $aPUL$W1$xDP1 Fondo Pastorale$y55$mP3 F 78$j111589$nBK-PRI$b $qFondi$B111589$CPULBib$Z2$F111589 $HPUL2908 $81 941 1 $a1 960 $aLibertà di culto$xConvenzioni internazionali $9762 996 $6245$aLa libertà religiosa$9(OLS)http://pul/title/33698 996 $6260$aRoma :$bAPES$9(OLS)http://pul/publisher/55191